000 01873nam a2200493 i 4500
001 32429
003 KOSZ 005
005 20240405063058.0
008 200626s1997 pl a g f 000 0 pol
015 _aPB 1998/8316
020 _a8387424218
040 _aWA N
_cWA N
_dKOSZ 005/RW
045 _bd1919
_bd1939
046 _k1997
080 _a338.1(438)"1918/1939"
080 _a(075.8)
245 0 0 _aHistoria gospodarcza Polski XX w. :
_bwybór źródeł.
_nT. 1 cz. 3 /
_cwybór i opracowanie Bogusław Polak, Czesław Partacz ; Politechnika Koszalińska.
260 _aKoszalin :
_bWydawnictwo Uczelniane Politechniki Koszalińskiej,
_c1997.
300 _a228 stron :
_bilustracje, tabele ;
_c24 cm.
336 _aTekst
_btxt
_2rdacontent
337 _aBez urządzenia pośredniczącego
_bn
_2rdamedia
338 _aWolumin
_bnc
_2rdacarrier
380 _aKsiążki
380 _aPublikacje naukowe
380 _aPublikacje dydaktyczne
388 _a1901-2000
388 _a1989-2000
521 _aSkrypt Instytutu Zarządzania i Marketingu.
648 7 _a1901-2000
648 7 _a1918-1939
650 7 _aGospodarka
651 7 _aPolska
655 7 _aWydawnictwo źródłowe
655 7 _aPodręczniki akademickie
658 _aHistoria
658 _aGospodarka, ekonomia, finanse
700 1 _aPolak, Bogusław
_d(1945-)
_eOpracowanie
700 1 _aPartacz, Czesław
_eOpracowanie
710 2 _aPolitechnika Koszalińska
710 2 _aWydawnictwo Uczelniane (Politechnika Koszalińska)
_4pbl
856 _uhttp://dlibra.tu.koszalin.pl/dlibra/docmetadata?id=154&from=&dirids=1&ver_id=&lp=3&QI=
_yBiblioteka Cyfrowa
856 _uhttp://koha.tu.koszalin.pl/cgi-bin/koha/opac-detail.pl?biblionumber=32429
_yKatalog online BPK
942 _2UKD
_cKS
999 _c32429
_d32429